000 00618cab a2200217 4500
001 WB3225-23
008 090401t1996 xxu||||| |||| 00| 0 eng d
035 _a(Sirsi) u40035
041 _aeng
245 _aHousing market takes off
260 _c1996
350 _a0
490 _aTimes
_v22 June 1996, 12
520 _aReports on house price trends and summarises factors contributing to the general upturn.
650 _aDEFENCE PROPERTY
650 _aHOUSE PRICES
650 _aRAF SCULTHORPE
690 _aPROPERTY-RESIDENTIAL PROPERTY-RESIDENTIAL PROPERTY MARKET
942 _n0
948 _c04/03/1997
999 _c25639
_d25639